[Event "BSF Lang Weekend EMT "]
[Site "Copenhagen"]
[Date "2016.02.14"]
[Round "5"]
[White "Griffith, Kyron"]
[Black "Mouritsen, Jan"]
[Result "1-0"]
[WhiteElo "2315"]
[BlackElo "1802"]
[PlyCount "65"]
[EventDate "2016.02.12"]
[EventType "swiss"]
[EventRounds "7"]
[EventCountry "DEN"]

1. e4 c5 2. Nf3 Nc6 3. d4 cxd4 4. Nxd4 g6 5. Be2 Bg7 6. Nb3 Nf6 7. Nc3 O-O 8.
O-O d6 9. Bg5 a6 10. a4 Qc7 11. Bxf6 exf6 12. Nd5 Qd8 13. c3 f5 14. exf5 Bxf5
15. Bg4 Be6 16. a5 h5 17. Bf3 Ne5 18. Be2 Ng4 19. h3 Ne5 20. Nb6 Qg5 21. f4 Qg3
22. Nxa8 Bxh3 23. Rf2 Ng4 24. Bxg4 Bxg4 25. Qd5 h4 26. Nd2 h3 27. Nf1 Qh4 28.
g3 Qf6 29. Nb6 Re8 30. Qxb7 Re2 31. Rxe2 Bxe2 32. Qc8+ Kh7 33. Qxh3+ 1-0

[Event "BSF Lang Weekend EMT "]
[Site "Copenhagen"]
[Date "2016.02.14"]
[Round "5"]
[White "Rostgaard, Tobias Valentin"]
[Black "Liu, Casper Yukun"]
[Result "1-0"]
[WhiteElo "2240"]
[BlackElo "1519"]
[PlyCount "57"]
[EventDate "2016.02.12"]
[EventType "swiss"]
[EventRounds "7"]
[EventCountry "DEN"]

1. d4 Nf6 2. c4 e5 3. dxe5 Ng4 4. Nf3 Bc5 5. e3 Nc6 6. Be2 Ngxe5 7. Nbd2 O-O 8.
O-O Re8 9. Nb3 Nxf3+ 10. Bxf3 Qe7 11. Nxc5 Qxc5 12. Qd5 Re5 13. Qxc5 Rxc5 14.
b3 Rg5 15. Bb2 a5 16. h4 Rg6 17. h5 Rh6 18. g4 a4 19. g5 Re6 20. Bd5 Re7 21. g6
Nb4 22. gxf7+ Kf8 23. h6 gxh6 24. Bg2 a3 25. Bc3 Nd3 26. Rad1 Nb2 27. Rd4 Kxf7
28. Bd5+ Kf8 29. Rg4 1-0

[Event "BSF Lang Weekend EMT "]
[Site "Copenhagen"]
[Date "2016.02.14"]
[Round "5"]
[White "Gustafsson, Magnus"]
[Black "Karlsson, Ulf"]
[Result "1/2-1/2"]
[WhiteElo "1950"]
[BlackElo "2045"]
[PlyCount "52"]
[EventDate "2016.02.12"]
[EventType "swiss"]
[EventRounds "7"]
[EventCountry "DEN"]

1. e4 c5 2. Nf3 Nc6 3. Bb5 e6 4. Bxc6 bxc6 5. e5 Ba6 6. Na3 f6 7. d3 fxe5 8.
Nxe5 Qf6 9. Qe2 Ne7 10. O-O Nf5 11. c3 Be7 12. Nf3 h6 13. Ne5 O-O-O 14. Nac4 g5
15. Qf3 Bxc4 16. Nxc4 Rdf8 17. Qd1 Nd6 18. Na5 Nb7 19. Qa4 Bd6 20. Be3 h5 21.
Nxb7 Kxb7 22. d4 Qf5 23. Rad1 Rh7 24. dxc5 Bxc5 25. Bxc5 Qxc5 26. Rd4 Kc7
1/2-1/2

[Event "BSF Lang Weekend EMT "]
[Site "Copenhagen"]
[Date "2016.02.14"]
[Round "5"]
[White "Ohayv, Nikolaj"]
[Black "Yssing, Klaus"]
[Result "0-1"]
[WhiteElo "1899"]
[BlackElo "2011"]
[PlyCount "146"]
[EventDate "2016.02.12"]
[EventType "swiss"]
[EventRounds "7"]
[EventCountry "DEN"]

1. e4 Nf6 2. Nc3 d5 3. exd5 Nxd5 4. Bc4 e6 5. Qf3 Nxc3 6. dxc3 Qf6 7. Be3 Nc6
8. Qxf6 gxf6 9. Nf3 Bd7 10. O-O-O O-O-O 11. b4 a6 12. Kb2 Rg8 13. g3 f5 14.
Rhe1 Be7 15. a3 Bf6 16. Bf4 Rge8 17. Bg5 Be7 18. Bxe7 Rxe7 19. Kc1 Be8 20.
Rxd8+ Kxd8 21. Ne5 Nxe5 22. Rxe5 Rd7 23. f4 Ke7 24. Re3 Rd6 25. Bd3 Kf6 26. h3
h6 27. g4 fxg4 28. hxg4 Bb5 29. Rh3 Kg7 30. Kd2 c5 31. Ke2 c4 32. Be4 Bc6 33.
Bxc6 Rxc6 34. a4 Kg6 35. Rf3 f6 36. Ke3 Rd6 37. Rf1 Rd5 38. Re1 b6 39. Rg1 b5
40. axb5 axb5 41. Ra1 e5 42. Rf1 exf4+ 43. Rxf4 Kg5 44. Rf2 Kxg4 45. Rxf6 h5
46. Rf4+ Kg3 47. Rf3+ Kg2 48. Rf2+ Kg1 49. Rf4 Rg5 50. Kf3 Kf1 51. Rh4 Ke1 52.
Rd4 h4 53. Rxh4 Kd2 54. Kf4 Rg2 55. Kf3 Rg6 56. Rh5 Kxc2 57. Rxb5 Kxc3 58. Ke4
Kb3 59. Rb8 Rd6 60. b5 c3 61. Ke5 c2 62. Kxd6 c1=Q 63. Kd7 Kb4 64. b6 Kb5 65.
Rc8 Qd2+ 66. Kc7 Qa5 67. Rb8 Qc3+ 68. Kb7 Qc6+ 69. Ka7 Qc5 70. Kb7 Qe7+ 71. Ka8
Ka6 72. b7 Qc5 73. Rc8 Qa7# 0-1

[Event "BSF Lang Weekend EMT "]
[Site "Copenhagen"]
[Date "2016.02.14"]
[Round "5"]
[White "Nilssen, Ellen Fredericia"]
[Black "Moller, Arne"]
[Result "1-0"]
[WhiteElo "1799"]
[BlackElo "1853"]
[PlyCount "101"]
[EventDate "2016.02.12"]
[EventType "swiss"]
[EventRounds "7"]
[EventCountry "DEN"]

1. d4 Nf6 2. c4 e6 3. Nc3 c5 4. Nf3 a6 5. Bg5 h6 6. Bxf6 Qxf6 7. Ne4 Qd8 8.
dxc5 Qa5+ 9. Qd2 Qxd2+ 10. Kxd2 Nc6 11. g3 Rb8 12. Bg2 f5 13. Nd6+ Bxd6 14.
cxd6 O-O 15. Rhd1 b5 16. c5 Bb7 17. Nh4 Rf6 18. Bxc6 Bxc6 19. b4 e5 20. Ke1 Re8
21. Rac1 Kf7 22. Rc3 g5 23. Nf3 Kg6 24. Ra3 Bb7 25. Nd2 h5 26. Nb3 Ree6 27. Na5
Bc8 28. Rad3 e4 29. Rd5 Rf8 30. c6 f4 31. cxd7 Bxd7 32. Nb3 fxg3 33. fxg3 e3
34. R1d3 Bc6 35. R5d4 Bg2 36. Kd1 Rc8 37. Nc5 Re5 38. d7 Rd8 39. Rd6+ Kf5 40.
R3d4 a5 41. Nd3 Re6 42. bxa5 Rxd6 43. Rxd6 Kg4 44. Ne5+ Kh3 45. Nf7 Rxd7 46.
Rxd7 g4 47. Ne5 Kxh2 48. Rh7 Kxg3 49. Rxh5 b4 50. a6 Kf4 51. Nxg4 1-0

[Event "BSF Lang Weekend EMT "]
[Site "Copenhagen"]
[Date "2016.02.14"]
[Round "5"]
[White "Andersen, Rune"]
[Black "Kistrup, Nicolai"]
[Result "1-0"]
[WhiteElo "2149"]
[BlackElo "2058"]
[PlyCount "79"]
[EventDate "2016.02.12"]
[EventType "swiss"]
[EventRounds "7"]
[EventCountry "DEN"]

1. d4 Nf6 2. c4 b6 3. Nc3 Bb7 4. Bg5 e6 5. e3 Be7 6. Nf3 h6 7. Bh4 O-O 8. Bd3
c5 9. O-O d6 10. Qe2 cxd4 11. Nxd4 Nbd7 12. Rad1 Rc8 13. Rc1 Qc7 14. Rfd1 a6
15. Bg3 Nc5 16. Bb1 Rfd8 17. e4 Ncd7 18. b3 Qb8 19. f4 Nf8 20. Bf2 N8d7 21. Re1
Qa8 22. Bh4 Nf8 23. Rcd1 Ng6 24. Bg3 Nf8 25. h3 Ne8 26. Bf2 Kh8 27. Na4 Nd7 28.
Kh2 Kg8 29. g4 Qb8 30. Bg3 Ba8 31. h4 Nf8 32. g5 hxg5 33. hxg5 f6 34. Qh5 g6
35. Qh6 Kf7 36. f5 exf5 37. exf5 Kg8 38. Rxe7 Rc7 39. gxf6 Rxe7 40. fxe7 1-0

[Event "BSF Lang Weekend EMT "]
[Site "Copenhagen"]
[Date "2016.02.14"]
[Round "5"]
[White "Madsen, Michael Ole"]
[Black "Kokholm, Daniel"]
[Result "1/2-1/2"]
[WhiteElo "2071"]
[BlackElo "1891"]
[PlyCount "52"]
[EventDate "2016.02.12"]
[EventType "swiss"]
[EventRounds "7"]
[EventCountry "DEN"]

1. d4 d6 2. Nf3 Nf6 3. h3 Nbd7 4. Bf4 c6 5. e3 Qc7 6. Be2 e5 7. Bh2 Be7 8. O-O
O-O 9. c4 b6 10. Nc3 Bb7 11. Qc2 Rad8 12. Rac1 Rfe8 13. d5 c5 14. Nd2 Bf8 15.
e4 a6 16. f4 exf4 17. Bxf4 Ne5 18. Rce1 Nfd7 19. Nd1 Bc8 20. Qb3 Ng6 21. Bh2
Be7 22. Bh5 Nge5 23. Nf3 Bf6 24. Ne3 g6 25. Bg4 Nxf3+ 26. Rxf3 Be5 1/2-1/2

[Event "BSF Lang Weekend EMT "]
[Site "Copenhagen"]
[Date "2016.02.14"]
[Round "5"]
[White "Eiholt, Bjarne"]
[Black "Nielsen, Thomas Bach"]
[Result "0-1"]
[WhiteElo "1612"]
[BlackElo "2134"]
[PlyCount "38"]
[EventDate "2016.02.12"]
[EventType "swiss"]
[EventRounds "7"]
[EventCountry "DEN"]

1. d4 f5 2. c4 Nf6 3. Nc3 g6 4. Bf4 Bg7 5. e3 d6 6. h3 c6 7. Nf3 O-O 8. Be2 Nh5
9. Bh2 f4 10. Nd2 fxe3 11. fxe3 e5 12. dxe5 Qh4+ 13. g3 Nxg3 14. Nf3 Rxf3 15.
Bxf3 Ne4+ 16. Ke2 Qf2+ 17. Kd3 Nc5+ 18. Kd4 Qxh2 19. e4 Qf2# 0-1

[Event "BSF Lang Weekend EMT "]
[Site "Copenhagen"]
[Date "2016.02.14"]
[Round "5"]
[White "Jorgensen, Mikkel"]
[Black "Pedersen, Bo V"]
[Result "1-0"]
[WhiteElo "1871"]
[BlackElo "1549"]
[PlyCount "65"]
[EventDate "2016.02.12"]
[EventType "swiss"]
[EventRounds "7"]
[EventCountry "DEN"]

1. e4 e5 2. Nf3 Nc6 3. Bc4 Bc5 4. O-O Nf6 5. d4 exd4 6. e5 d5 7. exf6 dxc4 8.
Re1+ Be6 9. Ng5 Qxf6 10. Nxe6 fxe6 11. Qh5+ g6 12. Qxc5 O-O-O 13. Bg5 Qf8 14.
Qxc4 Re8 15. Nd2 h6 16. Bh4 Qf4 17. Nf3 e5 18. Bg3 Qf5 19. Rad1 Rhf8 20. Qc5 e4
21. Qxf5+ gxf5 22. Nxd4 Nxd4 23. Rxd4 f4 24. Bh4 e3 25. fxe3 fxe3 26. Rd3 Re4
27. Bg3 e2 28. c3 Rfe8 29. Rd4 R4e6 30. Bf4 b5 31. g3 Kb7 32. Kf2 c6 33. Rd2
1-0

[Event "BSF Lang Weekend EMT "]
[Site "Copenhagen"]
[Date "2016.02.14"]
[Round "5"]
[White "Pawlak, Wojciech Zbigniew"]
[Black "Jorgensen, Olav Erstad"]
[Result "0-1"]
[WhiteElo "1775"]
[BlackElo "1423"]
[PlyCount "52"]
[EventDate "2016.02.12"]
[EventType "swiss"]
[EventRounds "7"]
[EventCountry "DEN"]

1. d4 Nf6 2. c4 e6 3. Nf3 d5 4. cxd5 exd5 5. Nc3 Nc6 6. Bg5 Be7 7. e3 O-O 8.
Be2 Bb4 9. O-O Bxc3 10. bxc3 h6 11. Bh4 Re8 12. Qc2 Bg4 13. Rab1 Rb8 14. Rb5 g5
15. Bg3 a6 16. Rb2 Qd7 17. Ne5 Nxe5 18. Bxe5 Bxe2 19. Qxe2 Ne4 20. Qd3 f6 21.
Bg3 Kg7 22. f3 Nxg3 23. hxg3 Qe6 24. Re2 Re7 25. Rb1 b5 26. a4 c6 0-1

[Event "BSF Lang Weekend EMT "]
[Site "Copenhagen"]
[Date "2016.02.14"]
[Round "5"]
[White "Henriksen, Christian Steen"]
[Black "Hvidberg, Rasmus"]
[Result "1/2-1/2"]
[WhiteElo "1840"]
[BlackElo "1551"]
[PlyCount "35"]
[EventDate "2016.02.12"]
[EventType "swiss"]
[EventRounds "7"]
[EventCountry "DEN"]

1. d4 d5 2. c4 Nc6 3. e3 Bf5 4. Nc3 e6 5. a3 a5 6. Bd3 Qg5 7. Bxf5 Qxf5 8. Bd2
dxc4 9. Nge2 b5 10. O-O Nf6 11. Ng3 Qg6 12. Nxb5 Bd6 13. Qa4 Kd7 14. Qxc4 Ne4
15. Nxe4 Qxe4 16. Rac1 h5 17. Qa4 Ra6 18. Rc3 1/2-1/2

[Event "BSF Lang Weekend EMT "]
[Site "Copenhagen"]
[Date "2016.02.14"]
[Round "5"]
[White "Kristensen, Lars Ostergaard"]
[Black "van den Brink, Nienke"]
[Result "1-0"]
[WhiteElo "1682"]
[BlackElo "1688"]
[PlyCount "51"]
[EventDate "2016.02.12"]
[EventType "swiss"]
[EventRounds "7"]
[EventCountry "DEN"]

1. d4 Nf6 2. c4 c5 3. d5 b5 4. cxb5 a6 5. f3 d6 6. e4 Nbd7 7. Nc3 g6 8. bxa6
Bxa6 9. Bxa6 Rxa6 10. Nge2 Bg7 11. O-O O-O 12. Bg5 c4 13. Qd2 Nc5 14. Kh1 Qb6
15. Be3 Nfd7 16. Nd4 Ne5 17. f4 Ned3 18. Nc6 Qb7 19. e5 Rfa8 20. Bxc5 Nxc5 21.
Rae1 Nd3 22. Re4 e6 23. Rxc4 exd5 24. Nxd5 Nc5 25. Nde7+ Kh8 26. Qxd6 1-0

[Event "BSF Lang Weekend EMT "]
[Site "Copenhagen"]
[Date "2016.02.14"]
[Round "5"]
[White "Pedersen, Henrik Dahl"]
[Black "Dalsberg, Sandra de Blecourt"]
[Result "1-0"]
[WhiteElo "2227"]
[BlackElo "2111"]
[PlyCount "115"]
[EventDate "2016.02.12"]
[EventType "swiss"]
[EventRounds "7"]
[EventCountry "DEN"]

1. e4 d5 2. exd5 Qxd5 3. Nf3 Bg4 4. Be2 Nc6 5. O-O Nf6 6. Nc3 Qd7 7. b4 Nd4 8.
Nxd4 Qxd4 9. Rb1 e6 10. Rb3 h5 11. Bb2 O-O-O 12. d3 Qf4 13. Qc1 Nd5 14. Nxd5
Qxc1 15. Rxc1 exd5 16. Bf1 d4 17. c4 dxc3 18. Bxc3 f6 19. Bd2 Bd6 20. Be3 Kb8
21. a3 Rhe8 22. h3 Bf5 23. Be2 g6 24. g4 Be6 25. Rbc3 hxg4 26. hxg4 Bd5 27. Bf1
Bf3 28. Rc4 Rh8 29. Bg2 Be2 30. Bf1 Bf3 31. Bg2 Bxg2 32. Kxg2 Rh2+ 33. Kf3 Rh3+
34. Kg2 Rdh8 35. Bf4 Rxd3 36. Bxd6 cxd6 37. Rc7 g5 38. Rf7 Rc8 39. Rxc8+ Kxc8
40. Rxf6 Kd7 41. Rf5 Rxa3 42. Rxg5 Ke6 43. Rg7 b6 44. f4 a5 45. bxa5 bxa5 46.
Ra7 a4 47. Ra5 d5 48. Ra6+ Kf7 49. g5 d4 50. f5 d3 51. Ra7+ Kf8 52. g6 d2 53.
f6 Re3 54. Ra8+ Re8 55. g7+ Kf7 56. Rxe8 d1=Q 57. g8=Q+ Kxf6 58. Re6+ 1-0

[Event "BSF Lang Weekend EMT "]
[Site "Copenhagen"]
[Date "2016.02.15"]
[Round "6"]
[White "Aabling Thomsen, Jakob"]
[Black "Nilssen, John Arni"]
[Result "1/2-1/2"]
[WhiteElo "2329"]
[BlackElo "2285"]
[PlyCount "91"]
[EventDate "2016.02.12"]
[EventType "swiss"]
[EventRounds "7"]
[EventCountry "DEN"]

1. e4 c5 2. Nf3 Nc6 3. Bb5 g6 4. Bxc6 dxc6 5. d3 Bg7 6. h3 e5 7. O-O Qe7 8. a4
Nh6 9. a5 f6 10. Be3 Nf7 11. Qd2 Nd8 12. Qc3 Ne6 13. Qa3 Nd4 14. Ne1 Bf8 15.
Nd2 Qc7 16. Kh1 Ne6 17. Qa4 Bd6 18. Nc4 Be7 19. Nf3 O-O 20. c3 Bd7 21. Qb3 Rf7
22. Rfd1 Bf8 23. Rac1 Re8 24. Qc2 b5 25. axb6 axb6 26. d4 cxd4 27. cxd4 exd4
28. Nxd4 Nxd4 29. Bxd4 c5 30. Be3 f5 31. exf5 Bxf5 32. Qb3 Be6 33. Qxb6 Qxb6
34. Nxb6 Rb7 35. Nc4 Bxc4 36. Rxc4 Rxb2 37. Rdc1 Rc8 38. g4 Rb7 39. Kg2 Rd7 40.
Kf3 Kf7 41. Ke4 Re8+ 42. Kf3 Rc8 43. R4c3 Rdc7 44. Bf4 Rd7 45. Rc4 Rd3+ 46. Be3
1/2-1/2

[Event "BSF Lang Weekend EMT "]
[Site "Copenhagen"]
[Date "2016.02.15"]
[Round "6"]
[White "Schou Moldt, Thomas"]
[Black "Thorsbro, Peter"]
[Result "0-1"]
[WhiteElo "2216"]
[BlackElo "2220"]
[PlyCount "102"]
[EventDate "2016.02.12"]
[EventType "swiss"]
[EventRounds "7"]
[EventCountry "DEN"]

1. e4 c6 2. d4 d5 3. e5 Bf5 4. Nf3 e6 5. Be2 c5 6. Be3 cxd4 7. Nxd4 Ne7 8. Nd2
Nbc6 9. N2f3 Be4 10. O-O Bxf3 11. Nxf3 g6 12. c4 Bg7 13. Qb3 O-O 14. Bc5 dxc4
15. Qxc4 Nxe5 16. Nxe5 Bxe5 17. Qe4 Bxh2+ 18. Kxh2 Qc7+ 19. Kg1 Qxc5 20. Rac1
Qb6 21. Rc3 Qxb2 22. Rb3 Qxa2 23. Rxb7 Qd5 24. Qb1 Qg5 25. Bf3 Nf5 26. Rxf7 Nd4
27. Rxf8+ Rxf8 28. Bd1 Qe5 29. Qd3 a5 30. g3 Kg7 31. Qa6 h5 32. Qb7+ Rf7 33.
Qh1 Ra7 34. Ba4 Ne2+ 35. Kh2 h4 36. Qg2 hxg3+ 37. fxg3 Qh5+ 38. Qh3 Qxh3+ 39.
Kxh3 Nc3 40. Bb3 Nd5 41. Bxd5 exd5 42. Rd1 a4 43. Rxd5 a3 44. Rd1 a2 45. Ra1
Ra4 46. Kg2 Kf6 47. Kf3 Kg5 48. Kg2 Kg4 49. Kf2 Ra3 50. Ke1 Kxg3 51. Kd2 Kf2
0-1

[Event "BSF Lang Weekend EMT "]
[Site "Copenhagen"]
[Date "2016.02.15"]
[Round "6"]
[White "Fredericia, Louise Winther"]
[Black "Nielsen, Viktor"]
[Result "1/2-1/2"]
[WhiteElo "2093"]
[BlackElo "2189"]
[PlyCount "28"]
[EventDate "2016.02.12"]
[EventType "swiss"]
[EventRounds "7"]
[EventCountry "DEN"]

1. c4 c5 2. Nc3 Nc6 3. Nf3 g6 4. g3 Bg7 5. Bg2 e6 6. O-O Nge7 7. e3 O-O 8. d4
cxd4 9. exd4 d5 10. cxd5 Nxd5 11. Nxd5 exd5 12. Ne5 Nxe5 13. dxe5 Bxe5 14. Bh6
Re8 1/2-1/2

[Event "BSF Lang Weekend EMT "]
[Site "Copenhagen"]
[Date "2016.02.15"]
[Round "6"]
[White "Griffith, Kyron"]
[Black "Thuesen, Mogens Henrik"]
[Result "0-1"]
[WhiteElo "2315"]
[BlackElo "2169"]
[PlyCount "106"]
[EventDate "2016.02.12"]
[EventType "swiss"]
[EventRounds "7"]
[EventCountry "DEN"]

1. e4 c5 2. Nf3 Nc6 3. d4 cxd4 4. Nxd4 Nf6 5. Nc3 e6 6. Ndb5 Bb4 7. a3 Bxc3+ 8.
Nxc3 O-O 9. Bd3 d5 10. O-O d4 11. Ne2 e5 12. h3 Re8 13. Ng3 h6 14. Qf3 Qd6 15.
Bd2 Ne7 16. Rae1 Bd7 17. Kh2 Rac8 18. Nh5 Nxh5 19. Qxh5 Ng6 20. g3 Qc5 21. Qe2
Qb6 22. b3 Qe6 23. Qh5 Qe7 24. a4 Rc6 25. f4 Rec8 26. Rf2 a6 27. f5 Nf8 28. h4
Nh7 29. Qe2 R6c7 30. Ba5 Rc6 31. Kh3 b5 32. axb5 axb5 33. Qd2 Nf6 34. Bb4 Qd8
35. g4 h5 36. g5 Ng4 37. Rg2 g6 38. Rxg4 hxg4+ 39. Kxg4 Qc7 40. Re2 Ra6 41. Qe1
Rca8 42. Qh1 Bc6 43. fxg6 Ra1 44. Re1 Rxe1 45. Qxe1 fxg6 46. Qg3 Qd7+ 47. Kf3
Qf5+ 48. Ke2 Bxe4 49. Bxb5 Ra2 50. Bd3 Bxd3+ 51. Qxd3 Rxc2+ 52. Bd2 Qxd3+ 53.
Kxd3 Rb2 0-1

[Event "BSF Lang Weekend EMT "]
[Site "Copenhagen"]
[Date "2016.02.15"]
[Round "6"]
[White "Moe, Mogens"]
[Black "Ostergaard, Jens"]
[Result "1-0"]
[WhiteElo "2105"]
[BlackElo "2266"]
[PlyCount "141"]
[EventDate "2016.02.12"]
[EventType "swiss"]
[EventRounds "7"]
[EventCountry "DEN"]

1. e4 c5 2. Nf3 Nc6 3. d4 cxd4 4. Nxd4 g6 5. c4 Bg7 6. Be3 Nf6 7. Nc3 d6 8. Be2
O-O 9. O-O Nxd4 10. Bxd4 Bd7 11. f4 Bc6 12. Bf3 Qa5 13. a3 a6 14. b4 Qc7 15.
Rc1 b5 16. cxb5 e5 17. Bf2 Bb7 18. b6 Qb8 19. fxe5 dxe5 20. a4 Bh6 21. Rc2 Rd8
22. Qe2 Qd6 23. Bc5 Qe6 24. a5 Rac8 25. Rd1 Qb3 26. Rb1 Qe6 27. Nd1 Qd7 28. Nf2
Qe6 29. b5 axb5 30. Qxb5 Ra8 31. Qb4 Rdc8 32. Be2 Be3 33. a6 Bxe4 34. Bxe3 Bxc2
35. Rb2 Nd5 36. Qd2 Nxe3 37. Qxe3 Rab8 38. b7 Rd8 39. Rxc2 Qd5 40. Bf3 Qb5 41.
a7 Rxb7 42. Bxb7 Qxb7 43. Ng4 Ra8 44. Re2 Qxa7 45. Qxa7 Rxa7 46. Nxe5 h5 47. h4
Kg7 48. Kf2 Ra4 49. Nf3 Kf6 50. Rb2 Ra7 51. Rb5 Kg7 52. g3 Ra2+ 53. Ke3 Ra3+
54. Ke4 Ra4+ 55. Nd4 Ra7 56. Kf4 Kf6 57. Rb6+ Kg7 58. Rd6 Rc7 59. Nf3 Rc4+ 60.
Rd4 Rc7 61. Ng5 Ra7 62. Ne4 Rc7 63. Kg5 Ra7 64. Rd5 Rb7 65. Ra5 Rb4 66. Nf6 Rb3
67. Ne8+ Kf8 68. Nf6 Kg7 69. Ne4 Rb4 70. Re5 Rb7 71. Nf6 1-0

[Event "BSF Lang Weekend EMT "]
[Site "Copenhagen"]
[Date "2016.02.15"]
[Round "6"]
[White "Rostgaard, Tobias Valentin"]
[Black "Laustsen, Lars"]
[Result "0-1"]
[WhiteElo "2240"]
[BlackElo "2102"]
[PlyCount "92"]
[EventDate "2016.02.12"]
[EventType "swiss"]
[EventRounds "7"]
[EventCountry "DEN"]

1. d4 d5 2. c4 c6 3. Nf3 Nf6 4. Qc2 dxc4 5. e4 b5 6. a4 Bb7 7. Nc3 a6 8. Be2 e6
9. O-O Be7 10. Be3 O-O 11. Rad1 Qa5 12. Ne5 Nbd7 13. f4 Rad8 14. Kh1 c5 15.
Nxd7 Nxd7 16. d5 Nf6 17. d6 Rxd6 18. Rxd6 Bxd6 19. e5 b4 20. Nd1 Bxe5 21. fxe5
Nd7 22. Bf4 Nb6 23. Ne3 b3 24. Nxc4 Qxa4 25. Nxb6 Qc6 26. Bf3 Qxf3 27. Rxf3
bxc2 28. Rc3 Rd8 29. Kg1 Rd4 30. g3 Rd1+ 31. Kf2 Rh1 32. Rxc5 Rxh2+ 33. Ke1 h6
34. Rc7 g5 35. Bd2 Be4 36. Nd7 Bd3 37. Rc8+ Kg7 38. Bc1 Re2+ 39. Kf1 Rd2+ 40.
Kg1 Rd1+ 41. Kh2 Rxc1 42. Nf6 Bh7 43. g4 Re1 44. Nh5+ Kg6 45. Rxc2 Rxe5 46. Rf2
f5 0-1

[Event "BSF Lang Weekend EMT "]
[Site "Copenhagen"]
[Date "2016.02.15"]
[Round "6"]
[White "Yssing, Klaus"]
[Black "Akdag, Dara Sevkan"]
[Result "0-1"]
[WhiteElo "2011"]
[BlackElo "2182"]
[PlyCount "54"]
[EventDate "2016.02.12"]
[EventType "swiss"]
[EventRounds "7"]
[EventCountry "DEN"]

1. e4 e5 2. Nc3 Nc6 3. f4 exf4 4. Nf3 g5 5. g3 Be7 6. d4 g4 7. Ne5 Nxe5 8. dxe5
f3 9. Bf4 d6 10. exd6 Bxd6 11. Bxd6 Qxd6 12. Qxd6 cxd6 13. Nd5 Kf8 14. h3 h5
15. hxg4 Bxg4 16. O-O-O Rh6 17. Rd4 Re8 18. Bd3 Kg7 19. Ra4 Nf6 20. Ne3 Rg6 21.
Rxa7 Nxe4 22. Nxg4 Rxg4 23. Re1 Rxg3 24. Ra4 f2 25. Rf1 Nc5 26. Bb5 Re1+ 27.
Kd2 Rxf1 0-1

[Event "BSF Lang Weekend EMT "]
[Site "Copenhagen"]
[Date "2016.02.15"]
[Round "6"]
[White "Dalsberg, Sandra de Blecourt"]
[Black "Nilssen, Ellen Fredericia"]
[Result "1-0"]
[WhiteElo "2111"]
[BlackElo "1799"]
[PlyCount "69"]
[EventDate "2016.02.12"]
[EventType "swiss"]
[EventRounds "7"]
[EventCountry "DEN"]

1. d4 e6 2. c4 d5 3. Nc3 Be7 4. Bf4 c6 5. e3 Nf6 6. Nf3 O-O 7. a3 a6 8. c5 Nbd7
9. h3 Ne4 10. Nxe4 dxe4 11. Ne5 g5 12. Bg3 Nxe5 13. Bxe5 f6 14. Bg3 f5 15. Bc4
Qe8 16. Qb3 Qg6 17. Be5 h5 18. O-O-O Kh7 19. Kb1 Re8 20. Ka1 Bf6 21. Bd6 Bg7
22. f3 exf3 23. gxf3 Bf8 24. Be5 Bg7 25. Bh2 Qf6 26. Rhg1 Rd8 27. h4 g4 28.
fxg4 fxg4 29. Bg3 Qe7 30. Qd3+ Kh8 31. Qg6 Qe8 32. Qe4 Bd7 33. Be5 Qe7 34. Bd3
Bxe5 35. Qxe5+ 1-0

[Event "BSF Lang Weekend EMT "]
[Site "Copenhagen"]
[Date "2016.02.15"]
[Round "6"]
[White "Jacobsen, Mikkel Manosri"]
[Black "Andersen, Rune"]
[Result "1-0"]
[WhiteElo "2188"]
[BlackElo "2149"]
[PlyCount "63"]
[EventDate "2016.02.12"]
[EventType "swiss"]
[EventRounds "7"]
[EventCountry "DEN"]

1. Nf3 d5 2. b3 c5 3. e3 Bg4 4. Bb2 e6 5. h3 Bh5 6. Be2 Nf6 7. d3 Nc6 8. Nbd2
Be7 9. a3 O-O 10. c4 Qc7 11. Qc2 Rac8 12. g4 Bg6 13. Nh4 Nd7 14. Ng2 d4 15. Nf1
dxe3 16. fxe3 e5 17. h4 e4 18. dxe4 Bf6 19. Nf4 Bxe4 20. Qxe4 Bxb2 21. Ra2 Bc3+
22. Kf2 Nf6 23. Qc2 Bd4 24. Nd5 Nxd5 25. cxd5 Qf4+ 26. Kg2 Bxe3 27. dxc6 Qf2+
28. Kh3 Rxc6 29. Rh2 Qg1 30. Bb5 f5 31. gxf5 Rg6 32. Qe4 1-0

[Event "BSF Lang Weekend EMT "]
[Site "Copenhagen"]
[Date "2016.02.15"]
[Round "6"]
[White "Karlsson, Ulf"]
[Black "Vasli, Aref"]
[Result "0-1"]
[WhiteElo "2045"]
[BlackElo "2169"]
[PlyCount "68"]
[EventDate "2016.02.12"]
[EventType "swiss"]
[EventRounds "7"]
[EventCountry "DEN"]

1. b3 Nf6 2. Bb2 g6 3. Bxf6 exf6 4. c4 d5 5. cxd5 Qxd5 6. Nc3 Qd8 7. g3 Bg7 8.
Bg2 O-O 9. Nf3 Nd7 10. O-O Re8 11. Rc1 c6 12. d3 f5 13. e3 Nc5 14. d4 Ne4 15.
Nd2 Nxc3 16. Rxc3 Be6 17. Rc1 h5 18. h4 f4 19. gxf4 Qxh4 20. Nf3 Qe7 21. Ne5
Rad8 22. Qc2 Bf5 23. Qc5 Qxc5 24. Rxc5 Bf8 25. Rcc1 Kg7 26. Kh2 f6 27. Nf3 Bd6
28. Nh4 Bd3 29. Rg1 g5 30. Bf1 Bh7 31. Kh1 Kh6 32. fxg5+ fxg5 33. Nf3 Rf8 34.
Be2 Be4 0-1

[Event "BSF Lang Weekend EMT "]
[Site "Copenhagen"]
[Date "2016.02.15"]
[Round "6"]
[White "Brondal, Paul"]
[Black "Gustafsson, Magnus"]
[Result "0-1"]
[WhiteElo "2100"]
[BlackElo "1950"]
[PlyCount "94"]
[EventDate "2016.02.12"]
[EventType "swiss"]
[EventRounds "7"]
[EventCountry "DEN"]

1. c4 Nf6 2. Nc3 d5 3. cxd5 Nxd5 4. g3 g6 5. Bg2 Nb6 6. Nf3 Bg7 7. O-O O-O 8.
d3 Nc6 9. Be3 Nd5 10. Nxd5 Qxd5 11. Nd4 Qd6 12. Nxc6 bxc6 13. Qc2 Be6 14. Bf4
Qb4 15. Bxc6 Rab8 16. Rfb1 Qa5 17. Bd2 Qa6 18. Ba4 Rfd8 19. Bc3 Bh6 20. Bb3 Bh3
21. Bd2 Qb7 22. e4 Bxd2 23. Qxd2 Qxe4 24. dxe4 Rxd2 25. Rc1 Rxb2 26. Rxc7 Kf8
27. Rac1 Rd8 28. R7c2 Rxc2 29. Bxc2 Rc8 30. f3 Be6 31. Kf2 Bxa2 32. Ke2 Bb3 33.
Kd2 Rxc2+ 34. Rxc2 Bxc2 35. Kxc2 e5 36. Kc3 Ke7 37. Kc4 f5 38. Kd5 Kf6 39. Kd6
fxe4 40. fxe4 a5 41. Kd5 a4 42. Kc4 Ke6 43. Kc3 Kd6 44. Kb4 h5 45. Kc4 a3 46.
Kb3 Kc5 47. Kc3 a2 0-1

[Event "BSF Lang Weekend EMT "]
[Site "Copenhagen"]
[Date "2016.02.15"]
[Round "6"]
[White "Andersen, Daniel"]
[Black "Frank Nielsen, Marie"]
[Result "0-1"]
[WhiteElo "1906"]
[BlackElo "1968"]
[PlyCount "44"]
[EventDate "2016.02.12"]
[EventType "swiss"]
[EventRounds "7"]
[EventCountry "DEN"]

1. c4 Nf6 2. Nc3 g6 3. e4 d6 4. d4 Bg7 5. Be2 O-O 6. Be3 Nbd7 7. g4 e5 8. d5
Nc5 9. Bf3 a5 10. h4 c6 11. g5 Nfd7 12. dxc6 bxc6 13. Qxd6 Qb6 14. O-O-O Qb4
15. Be2 Rb8 16. Rd2 Ba6 17. Qxc6 Rfc8 18. Qd5 Bb7 19. Bxc5 Nxc5 20. Qd6 Re8 21.
Nd5 Qxd2+ 22. Kxd2 Nxe4+ 0-1

[Event "BSF Lang Weekend EMT "]
[Site "Copenhagen"]
[Date "2016.02.15"]
[Round "6"]
[White "Nielsen, Thomas Bach"]
[Black "Nielsen, Morten Majlund"]
[Result "1-0"]
[WhiteElo "2134"]
[BlackElo "1995"]
[PlyCount "51"]
[EventDate "2016.02.12"]
[EventType "swiss"]
[EventRounds "7"]
[EventCountry "DEN"]

1. d4 Nf6 2. c4 e6 3. Nc3 Bb4 4. e3 O-O 5. a3 Bxc3+ 6. bxc3 b6 7. Bd3 Bb7 8. f3
d5 9. cxd5 exd5 10. Ne2 c5 11. O-O Re8 12. Ra2 Nc6 13. Ng3 Rc8 14. Re2 Na5 15.
Qe1 cxd4 16. cxd4 Nc4 17. Nf5 Nd6 18. Nxd6 Qxd6 19. Bb2 Nh5 20. g4 Nf6 21. Qh4
g6 22. Qh6 Re7 23. h4 Rce8 24. Bc1 Qg3+ 25. Rg2 Qh3 26. Qf4 1-0